| 000 | 00624nam a22002057a 4500 | ||
|---|---|---|---|
| 003 | KOHA_MİRAKIL | ||
| 005 | 20260330093214.0 | ||
| 008 | 260330b tu ||||| |||| 00| 0 tur d | ||
| 020 | _a9786055397913 | ||
| 040 |
_aTR-AnABB _btur _cTR-AnABB |
||
| 041 | _atur | ||
| 082 |
_a909.049435 _b DJE 2013 |
||
| 100 | 1 | _aDjevad, Ahmed | |
| 245 | 1 | 0 |
_ayabancılar gözüyle Türk'ler / _cAhmet Djevad ; Türkçesi : Mehmet Genç |
| 260 |
_aEskişehir : _bKitabevi Yayınları, _c2013 |
||
| 300 |
_a158 sayfa : _c20 cm |
||
| 650 | 0 | 4 | _aTarih, Türkler. |
| 700 | 1 |
_aGenç , Mehmet , _eçeviren _93166 |
|
| 942 |
_2ddc _cBK |
||
| 999 |
_c10062 _d10062 |
||
| 900 | _bCem ÖZOGLU | ||